| 000 | 00353nam a2200133Ia 4500 | ||
|---|---|---|---|
| 005 | 20260328101515.0 | ||
| 008 | 260328s9999||||xx |||||||||||||| ||und|| | ||
| 100 | _aMyers, I.E. | ||
| 245 | 0 |
_aMexico's Modern Architecture / _cI.E. Myers |
|
| 260 | _bArchitectural Book Publishing Co. | ||
| 300 | _a264 p. | ||
| 650 | _aARQUITECTURA REGIONAL | ||
| 942 | _cBK | ||
| 999 |
_c9356 _d9356 |
||